| 000 -ლიდერი |
| ფიქსირებული სიგრძის საკონტროლო ველი |
00668nam a22001817a 4500 |
| 003 - საკონტროლო ნომრის იდენტიფიკატორი |
| საკონტროლო ველი |
Ge_BSU |
| 005 - ბოლო ოპერაციის თარიღი და დრო |
| საკონტროლო ველი |
20191011111114.0 |
| 008 - ფიქსირებული სიგრძის მონაცემთა ელემენტები - ზოგადი ინფორმაცია |
| ფიქსირებული სიგრძის საკონტროლო ველი |
191011s1970 ge ||||| |||| 00| 0 geo d |
| 041 ## - ენის კოდი |
| Language code of text/sound track or separate title |
geo |
| 080 ## - უნივერსალური ათობითი კლასიფიკაციის ინდექსი |
| Universal Decimal Classification number |
37.01(479.22)(092)+39(=353) გ-58 |
| 100 ## - მთავარი ჩანაწერი - პიროვნების სახელი |
| Personal name |
გობრონიძე, ა. |
| 9 (RLIN) |
3948 |
| 245 ## - ცნობა სათაურის შესახებ |
| Title |
გოგებაშვილი და აჭარა. |
| 264 ## - წარმოების, გამოცემის, დისტრიბუციის და სხვა ცნობები |
| გამოცემის, წარმოების, დისტრიბუციის... ადგილი |
ბათუმი : |
| გამოცემის, წარმოების, დისტრიბუციის... სახელწოდება |
საბჭ. აჭარა, |
| გამოცემის, წარმოების, დისტრიბუციის... თარიღი |
1970. |
| 300 ## - ფიზიკური აღწერა |
| Extent |
93 გვ. ; |
| Other physical details |
16 სმ. |
| 600 ## - SUBJECT ADDED ENTRY--PERSONAL NAME |
| Personal name |
გოგებაშვილი იაკობ |
| 9 (RLIN) |
4687 |
| 653 ## - INDEX TERM--UNCONTROLLED |
| Uncontrolled term |
განათლების ისტორია აჭარაში |
| 942 ## - ADDED ENTRY ELEMENTS (KOHA) |
| Source of classification or shelving scheme |
|
| Koha item type |
წიგნი |